LDR 00983naa#a2200193#i#450# 001 RU\\bibl\115932 005 20260429181627.3 011 ## _a1994-4683 100 ## _a20260429b2026####ek#y0rusy0150####ca 102 ## _aRU 200 1# _aТактико-техническая подготовка гандболистов сквозь призму теории деятельности _eЖурнальная статья 210 1# _aМосква _cНациональный государственный Университет физической культуры, спорта и здоровья им. П.Ф. Лесгафта _d2026 215 ## _a6 с. 608 ## _aЖурнальная статья _2local 675 ## _aГандбол, ручной мяч. 796.322 _z 700 #1 _aМакаров _gЮрий Михайлович 700 #1 _aЛуткова _gНаталия Валерьевна 700 #1 _aРамзайцева _gАнна Александровна 856 4# _auchzapiski.lesgaft.spb.ru _u